Quizzes
Events
Quiz Creation
Community
Videos
Private Events
Remove Ads
Sign In
Join for FREE
Feedback
Dark Mode
Quiz Categories
Sports
Geography
Music
Movies
Television
Just For Fun
Miscellaneous
History
Literature
Language
Science
Gaming
Entertainment
Religion
Holiday
For Kids
Quiz Lab
Recent
Popular Today
Quiz Kudos Today
Editor Picks
Curator Picks
Quizzes by...
Day
Popularity
Type
Ratings
Length
Year
Community
Subscriptions
Recent Discussions
Orange Saloon
Badges
Playlists
Quests
Create
Leaderboards
Showdown
Live 5
Trivia Bingo
Activity
Puzzle Library
Sporcle Events
Private Events
Virtual Trivia
Globe League
Become a Host
Pub Owners
SporcleCon
Opinionation
Our Games
Videos
Blog
Mobile Apps
Partnerships
Remove Ads and Go Orange
Feedback
Sports
Athletes
MLB
NBA
NHL
NFL
Soccer
Sports Teams
WWE
NCAA
Football
Premier League
Basketball
Baseball
Hockey
Golf
Tennis
Cricket
Rugby
Auto Racing
Olympics
World Cup
Sports
Athletes
MLB
NBA
NHL
NFL
Soccer
Sports Teams
WWE
NCAA
Football
Premier League
Basketball
Baseball
Hockey
Golf
Tennis
Cricket
Rugby
Auto Racing
Olympics
World Cup
Random Quiz
Search Sporcle
×
Quiz Lab
Quiz Lab
Sports
NHL
Type in answers that appear in a list
Type in answers that appear in a list
Classic
Best Score? Go Orange.
Can You Name the Roster For the 2012 NHL All-Star Game Stats
Can you name the Can You Name the Roster For the 2012 NHL All-Star Game?
By
kies_24
13m
42 Questions
111 Plays
111 Plays
111 Plays
Comments
Comments
Give Quiz Kudos
Give Quiz Kudos
-
- Ratings
hide this ad
Replay
Link that replays current quiz
Next Quiz
Link to next quiz in quiz playlist
You Got
0%
They Got
Avg Score
79%
Avg Friend Score
Upgrade to see
Score Distribution
Jump to the score distribution portion of the page
Score
0/42
Timer
13:00
0
Plays Today
Team
Player
% Correct
Ottawa Senators
Daniel Alfredsson
95.5%
Pittsburgh Penguins
Evgeni Malkin
94.6%
Philadelphia Flyers
Claude Giroux
93.7%
Tampa Bay Lightning
Steven Stamkos
92.8%
Vancouver Canucks
Daniel Sedin
92.8%
Vancouver Canucks
Henrik Sedin
92.8%
Boston Bruins
Zdeno Chara
91.9%
Chicago Blackhawks
Patrick Kane
91.9%
New York Rangers
Henrik Lundqvist
90.1%
Ottawa Senators
Erik Karlsson
90.1%
New York Islanders
John Tavares
90.1%
Detroit Red Wings
Pavel Datsyuk
89.2%
Nashville Predators
Shea Weber
88.3%
Toronto Maple Leafs
Phil Kessel
88.3%
Ottawa Senators
Jason Spezza
87.4%
Los Angeles Kings
Jonathan Quick
87.4%
Boston Bruins
Tim Thomas
86.5%
Anaheim Ducks
Corey Perry
86.5%
Pittsburgh Penguins
Kris Letang
83.8%
Calgary Flames
Jarome Iginla
81.1%
San Jose Sharks
Logan Couture
80.2%
Team
Player
% Correct
Phoenix Coyotes
Keith Yandle
79.3%
Montreal Canadiens
Carey Price
78.4%
Dallas Stars
Jamie Benn
78.4%
St.Louis Blues
Brian Elliot
76.6%
Chicago Blackhawks
Marian Hossa
76.6%
New York Rangers
Marian Gaborik
76.6%
Pittsburgh Penguins
James Neal
75.7%
Toronto Maple Leafs
Dion Phaneuf
74.8%
Boston Bruins
Tyler Seguin
72.1%
Philadelphia Flyers
Scott Hartnell
71.2%
Detroit Red Wings
Jimmy Howard
71.2%
New York Rangers
Dan Girardi
69.4%
Buffalo Sabres
Jason Pominville
69.4%
Toronto Maple Leafs
Joffrey Lupul
69.4%
Nashville Predators
Ryan Suter
69.4%
Ottawa Senators
Milan Michalek
68.5%
Edmonton Oilers
Jordan Eberle
67.6%
Vancouver Canucks
Alexander Edler
64.9%
Florida Panthers
Brian Campbell
61.3%
Philadelphia Flyers
Kimmo Timonen
58.6%
Washington Capitals
Dennis Wideman
36%
Quiz Playlist
Details
Report
Send in Message
Add To Playlist
Classic:
Type in answers that appear in a list
Last Updated: Feb 16, 2017
Quiz Scoreboard
CHALLENGE
Sign Up to Join the Scoreboard
Show All
Scores
Hide
Comments
May contain spoilers
Recently Published
College Basketball Coaching Resumes
by pancakes188
Sports
9m
Billboard Blitz: Fleetwood Mac
by CooCooCachoo
Music
15s
Presidents Visiting Landmarks
by Hejman
History
7m
More to Explore
Quiz From the Vault
Featured Blog Post
Where Did the Easter Bunny Come From?
hide this ad
You Might Also Like...
Tags
NHL Quiz
2012
All-Star
Player
Roster
team
Today's Top Quizzes in Sports
Browse Sports
hide this ad
Today's Top Quizzes in NHL
Browse NHL
Top Contributed Quizzes in Sports
1
2022 World Cup Stars
2
Les meilleurs buteurs des matchs entre le PSG et l’OM
3
FIFA Club World Cup Champions
4
Les entraîneurs de l'OM et du PSG au 21e siècle
5
Criteria MLB: Left Handed Sluggers
6
AFC Teams Reveal (Wrong Answers Minefield)
7
5-to-1: UK Sports Teams
8
5-to-1: FBS Animal Nicknames
9
2023 MLB Unique Player Accomplishments
10
Name the Premier League winners with different clubs
Explore More
Trending Topics
NBA
Harry Potter
Disney
Anime
Marvel
Kpop
Crossword
NFL
The Office
WWE
Soccer
Pokémon
Country
Puzzle
Song
hide this ad
More By:
kies_24
Quiz
Plays
Rating
Category
Featured
Created
2011-12 NHL Team Leaders in Goals, Assists, and Points
296
4.00
Sports
Apr 14, 2012
2010-11 Team Leaders
290
4.33
Sports
Feb 9, 2012
Name The NHL Players With 1000 Points
163
3.80
Sports
Feb 5, 2012
Can You Name the Roster For the 2012 NHL All-Star Game
111
Sports
Feb 6, 2012
2012 IIHF World Championships Canada Roster
102
3.75
Sports
Apr 29, 2012
Go to Creator's Profile
Score Distribution
Quiz Creator Spotlight
kies_24
Follow
Send a Message
Quizzes Created
-
Created Quiz Play Count
-
More By This Creator
Popular Quizzes Today
1
Find the US States - No Outlines Minefield
2
Find the Countries of Europe - No Outlines Minefield
3
The Countries of the World
4
Find the US States
5
Risky Map Clicking: Biggest States A-Z
6
US States
7
Popular People in 1961
8
Movies - When Are They Set?
More Sports Quizzes
1978 World Cup Champions - Argentina
Curator's Pick
Trending Quizzes
Risky Map Clicking: Least Populous States A-Z
1-10 Letter G Words
1-10 Letter F Words
Risky Map Clicking: Next State Alphabetically
Risky Map Clicking: Biggest States A-Z
Recently Updated
Leaping Animals
pecheneg
Reality TV Shows (A-Z)
bhenderson79
Rickey Henderson's Hall of Fame Teammates
pecheneg
Champions League XIs: Arsenal
pecheneg
Quick Pick: Celebrities in WWE's Hall of Fame
aduchscher
A-Z Keypad Blitz II
pecheneg
Multiple Oscar Actors
pecheneg
Mystery Phrase Blitz: Oscar 'Best Actors'
pecheneg
F. Scott Fitzgerald Novels
LTH
Pick 3 Villains
ddd62291
Trending Topics
NBA
Harry Potter
Marvel
Crossword
Kpop
Anime
Disney
Song
Country
Soccer
NFL
Puzzle
The Office
WWE
Pokémon
Your Account Isn't Verified!
In order to create a playlist on Sporcle, you need to verify the email address you used during registration. Go to your
Sporcle Settings
to finish the process.
Report this User
Report this user for behavior that violates our
Community Guidelines
.
Details:
Send Report
Go to the Sporcle.com Mobile Site →
Comments